Paroles - Les jours heureux - Charles Aznavour - Statistiques

Statistiques générales
  • Ce quiz a été pris 5 fois
  • Le résultat moyen est 133 sur 256
Statistiques - réponses
% Correct
À
100%
à
100%
et
100%
Et
100%
heureux
100%
Je
100%
jours
100%
le
100%
les
100%
Les
100%
ne
100%
pas
100%
au
80%
de
80%
De
80%
des
80%
du
80%
En
80%
en
80%
Il
80%
Ils
80%
J’ai
80%
La
80%
la
80%
ma
80%
Quand
80%
que
80%
qui
80%
se
80%
un
80%
une
80%
avec
60%
Dans
60%
dans
60%
donc
60%
main
60%
Mais
60%
mes
60%
notre
60%
60%
Ta
60%
ta
60%
te
60%
tes
60%
tienne
60%
toi
60%
ton
60%
vie
60%
Après
40%
après
40%
Car
40%
cœur
40%
comme
40%
Être
40%
font
40%
homme
40%
l’heure
40%
monde
40%
on
40%
paix
40%
Sur
40%
terre
40%
veux
40%
Alors
20%
ange
20%
apprend
20%
Avant-courrier
20%
bête
20%
bouge
20%
colère
20%
dieu
20%
dormir
20%
Entre
20%
équilibre
20%
eux
20%
faut
20%
ferme
20%
feu
20%
fronde
20%
fruits
20%
fusion
20%
grange
20%
grisé
20%
gronder
20%
guerre
20%
haine
20%
jeu
20%
Laisse
20%
laissé
20%
l’espérance
20%
libre
20%
l’insouciance
20%
Loin
20%
Lorsque
20%
l’oubli
20%
loups
20%
maison
20%
malgré
20%
misère
20%
outils
20%
peindre
20%
pensées
20%
pervers
20%
Pesamment
20%
peur
20%
plaies
20%
Pousse
20%
Prends
20%
prends
20%
quitte
20%
raison
20%
récolte
20%
refleuriront
20%
renaîtront
20%
reviendront
20%
révolte
20%
rouge
20%
rouiller
20%
sang
20%
semer
20%
serai
20%
soigner
20%
sol
20%
soleils
20%
surtout
20%
tempêtes
20%
tendre
20%
t’enseignent
20%
Tiens
20%
Tout-puissant
20%
vents
20%
verts
20%
viendrai
20%
chantera
0%
Compagnon
0%
Côte
0%
côte
0%
flancs
0%
germe
0%
grain
0%
l’unique
0%
souffrira
0%
Aucun quiz correspondant
Distribution des résultats
% des personnes avec chaque résultat
Percentile par nombre de réponses
Votre historique - résultats
Vous n’avez pas pris ce quiz